Statistics for Liechtenstein Superlatives

Click here to take the quiz!

General Stats

  • This quiz has been taken 25 times
  • The average score is 6 of 11

Answer Stats

HintDataAnswer% Correct
Biggest Neighbour83,878.99 km²Austria
91%
Smallest Neighbour41,285 km²Switzerland
86%
Longest River1,232.7 kmRhine
82%
Biggest City6.050 InhabitantsSchaan
73%
First Prince1608-1627Karl I.
50%
Highest Mountain2,599 mGrauspitz
45%
Biggest Municipality29.694 km²Triesenberg
41%
Least Populated Municipality478 InhabitantsPlanken
36%
Smallest Municipality3.559 km²Schellenberg
32%
Biggest Lake32 haStausee Steg
23%
Biggest (and only) natural Lake1.53 haGampriner Seele
14%

Score Distribution

Percentile by Number Answered

Percent of People with Each Score

Your Score History

You have not taken this quiz